Регионална библиотека "Любен Каравелов" - Русе

Траките (Запис номер 130917)

MARC детайли
000 -Лидер
Контролно поле с фиксирана дължина 01989nam a2200445 c 4500
003 - Код на организацията, давaща контролен номер
Контролно поле BLK
005 - Дата и час на последна редакция
Контролно поле 20240422173834.0
008 - Елементи от данни с фиксирана дължина
fixed length control field 180409b bul|||||r ||||||| ||bul||
010 ## - Наследен системен номер
LC control number KNG00136713000
020 ## - Международен стандартен номер на книга ISBN
Международен стандартен номер на книга ISBN 978-954-528-965-1
-- издат.: Труд
040 ## - Източник на каталожния запис
Идентификатор на билиотеката - собственик на записа BLK
041 ## - Код за език
Код за езика на текст/звукозапис или на отделно заглавие Български
Код за езика КДБФ Български
072 #7 - Код за тематичната категория
Код организация bullib
Код за тематична категория Н92
Текст История Н
080 ## - УДК
Текстов определител УДК Тракийски племена и тракийска държава (V в. пр. н. е. -V в. от н. е. )
УДК код - определител по УДК 94(497.2)"-04/+04"
УДК определител (02.062)
УДК - код + определител 94(497.2)"-04/+04"(02.062)
080 ## - УДК
Текстов определител УДК Паметници на културата на историческите периоди. Археологическите паметници. Старини
УДК код - определител по УДК 904
УДК определител (497.2=919.885)(02.062)
УДК - код + определител 904(497.2=919.885)(02.062)
100 1# - Редна дума - Автор
Автор Големанов, Николай Тодоров
Авторска отговорност първи автор
R(LIN) 368841
139 ## - Редно поле
Редна дума Големанов, Николай Тодоров
Авторски знак Гол - Г 63
245 10 - Сведения за заглавието
Заглавие Траките
Редно поле (дума) Николай Тодоров Големанов; науч. консулт. Петър Делев.
257 ## - Страна на издаване
Страна на създаване/издаване България
260 ## - Област на издателските данни
-- София
Име на издателя, разпространителя и проч. Труд
Година на издаване 2012
Печатница София : Д. Благоев
300 ## - Физическа характеристика
Страници 192 с.
Илюстрации и др. с цв. ил.
Размери/Мащаб 29 см
380 ## - Жанр
Жанр История
490 1# - СЕРИИ (Колекции)
Име на серия Библиотека Родина
№: серия Кн. 2
500 ## - Общи забележки
Забележка Показалец на имената.
650 #4 - Допълнително описание по предмет – тема
Основно описание – тема или топоним Траки - история и култура
9 (RLIN) 266676
650 #4 - Допълнително описание по предмет – тема
Основно описание – тема или топоним Тракия - старини
9 (RLIN) 271948
651 #4 - Допълнително описание по предмет - топоним
Географско понятие България
9 (RLIN) 241624
653 ## - Ключова дума – ненормативна
Ключова дума траки
653 ## - Ключова дума – ненормативна
Ключова дума история
653 ## - Ключова дума – ненормативна
Ключова дума култура
653 ## - Ключова дума – ненормативна
Ключова дума археологични находки
659 ## - Тематичен бюлетин
Тематичен бюлетин Н
700 1# - Други автори (авторска отговорност)
Лично име Делев, Петър
Автороска отговорност (Описва отношението между автора и произведението) науч. консулт.
9 (RLIN) 371876
852 ## - Местоположение
Форматна сигнатура Цб ІІ 17502
856 4# - Електронен адрес и достъп
Електронен формат pdf - файл
Път до файла /url/
856 4# - Електронен адрес и достъп
Електронен формат pdf - файл
Път до файла /url/
942 ## - АРТИКУЛИ
Вид на библиотечния материал Книги
Скрит в OPAC Не
Koha issues (borrowed), all copies 3
944 ## - СЪЗДАВАНЕ И РЕДАКЦИЯ на ЗАПИСА
Създаване/Редакция Създаване
Дата на регистрацията/редакция 03.04.2007
Статус, дата на статуса Цветомила Тодорова
Служител, извършил регистрацията/редакцията 30576
944 ## - СЪЗДАВАНЕ И РЕДАКЦИЯ на ЗАПИСА
Създаване/Редакция Редакция
Дата на регистрацията/редакция 30.12.2015
Статус, дата на статуса ф /
Служител, извършил регистрацията/редакцията Людмила_Стоянова
999 ## - СИСТЕМНИ КОНТРОЛНИ НОМЕРА
Koha biblionumber 130917
Koha biblioitemnumber 130917
Наличности
Код за отписване Код за изгубен артикул Източник на класификационната схема Код за повреда Коз за рестрикции Код за отдаване Артикулен № Име на библиотеката - собственик Име на библиотеката, в която се намира в момента Статус (Текущо местоположение) Дата на вписване в системата Местоположение - отдел Цена в лева Инвентарен номер Систематично азбучна сигнатура Баркод Номер на екземпляра Цена в евро Служебна бележка Служебен тип на артикула
  Не е изгубен Universal Decimal Classification Не е повреден без рестрикции ползва се в читалня 213311 Регионална библиотека "Любен Каравелов" Русе Регионална библиотека "Любен Каравелов" Русе Читалня - справочен фонд 2012-11-26 Читалня 24.99 120000761676 СЧ 949.72/Г 63 120000761676 1 12.78 Дост: Pk Вид: Ф N: 322 Дата: 19.11.2012 Дата инв: 28.03.2017 Бележки инв: СЧ2017 Книги
  Не е изгубен   Не е повреден без рестрикции ползва се в читалня 213312 Регионална библиотека "Любен Каравелов" Русе Регионална библиотека "Любен Каравелов" Русе Хранилище 2014-09-03 Хранилище 24.99 120000780117 Цб ІІ 17502 120000780117 2 12.78 Дост: Dp Вид: Д N: 46 Дата: 11.11.2013 Книги
  Не е изгубен Universal Decimal Classification Не е повреден без рестрикции заемане за дома 213313 Регионална библиотека "Любен Каравелов" Русе Регионална библиотека "Любен Каравелов" Русе Заемна - подръчен фонд 2015-12-15 Заемна - подръчен фонд 24.80 120000795721 94(497.2)/Г 63 120000795721 3 12.68 Дост: Pk Вид: Ф N: 446 Дата: 14.12.2015 Дата инв: 16.02.2018 Бележки инв: СП2018 Книги
Vip Innovations Ltd, Rousse, Bulgaria 2025